Online
Catalog

William Faulkner / (Record no. 3667)

MARC details
000 -CABECERA
campo de control de longitud fija 00903cam a2200277 a 4500
001 - NÚMERO DE CONTROL
campo de control 000003845
005 - FECHA Y HORA DE LA ÚLTIMA TRANSACCIÓN
campo de control 20200929150607.0
008 - DATOS DE LONGITUD FIJA--INFORMACIÓN GENERAL
campo de control de longitud fija 841031s1986 ag 001 f spa
020 ## - NÚMERO INTERNACIONAL ESTÁNDAR DEL LIBRO
Número Internacional Estándar del Libro 9509098086
040 ## - FUENTE DE LA CATALOGACIÓN
Centro catalogador/agencia de origen DO-SdBNP
Centro/agencia transcriptor DLC
Centro/agencia modificador DLC
041 17 - CÓDIGO DE LENGUA
Código de lengua del texto/banda sonora o título independiente spa
Código de lengua original eng
Fuente del código Código de idioma MARC
082 ## - NÚMERO DE LA CLASIFICACIÓN DECIMAL DEWEY
Número de clasificación 813.52
Número de documento/Ítem F263F
100 1# - ENTRADA PRINCIPAL--NOMBRE DE PERSONA
Nombre de persona Friedman, Alan Warren.
9 (RLIN) 11623
240 10 - TÍTULO UNIFORME
Título uniforme William Faulkner.
Lenguaje de la obra Español.
245 10 - MENCIÓN DE TÍTULO
Título William Faulkner /
Mención de responsabilidad, etc. Alan Warren Friedman; traducción de Silvestre Luque.
260 ## - PUBLICACIÓN, DISTRIBUCIÓN, ETC.
Lugar de publicación, distribución, etc. Buenos Aires :
Nombre del editor, distribuidor, etc. Aragón,
Fecha de publicación, distribución, etc. 1986.
300 ## - DESCRIPCIÓN FÍSICA
Extensión 221 p. ;
Dimensiones 20 cm.
504 ## - NOTA DE BIBLIOGRAFÍA, ETC.
Nota de bibliografía, etc. Bibliografía: p. 211-215.
534 ## - NOTA SOBRE LA VERSIÓN ORIGINAL
Frase introductoria Título original:
Mención de título del original William Faulkner.
600 14 - PUNTO DE ACCESO ADICIONAL DE MATERIA--NOMBRE DE PERSONA
Nombre de persona FAULKNER, WILLIAM,
Fechas asociadas al nombre 1897-1962.
9 (RLIN) 9781
650 #4 - PUNTO DE ACCESO ADICIONAL DE MATERIA--TÉRMINO DE MATERIA
Término de materia o nombre geográfico como elemento de entrada Novela estadounidense
9 (RLIN) 262
650 #4 - PUNTO DE ACCESO ADICIONAL DE MATERIA--TÉRMINO DE MATERIA
Término de materia o nombre geográfico como elemento de entrada Literatura estadounidense
9 (RLIN) 263
700 1# - PUNTO DE ACCESO ADICIONAL--NOMBRE DE PERSONA
Nombre de persona Luque, Silvestre,
Término indicativo de función/relación tr.
9 (RLIN) 11624
910 ## - DATOS DE OPCIÓN DEL USUARIO (OCLC)
Datos de opción del usuario Catalogación derivada
910 ## - DATOS DE OPCIÓN DEL USUARIO (OCLC)
Datos de opción del usuario WM
Holdings
Estado de retiro Estado de pérdida Restricciones de uso No para préstamo Código de colección Localización permanente Ubicación/localización actual Ubicación en estantería Fecha de adquisición Número de inventario Total de préstamos Signatura topográfica completa Código de barras Fecha visto por última vez Precio válido a partir de Tipo de ítem Koha Número de copia
    Préstamo interno   Monografías: Libros y Folletos General General Depósito 13.07.2009 LF1   813.52 F263F 3845-10 25.06.2020 25.06.2020 Préstamo interno  
    Préstamo restringido Préstamo restrigido Monografías: Libros y Folletos General General Depósito 13.07.2009 LF1   813.52 F263F 3845-20 25.06.2020 25.06.2020 Préstamo interno e.2

Powered by Koha